Philosophie - Le Bonheur - Statistiques

Statistiques générales
  • Ce quiz a été pris 34 fois
  • Le résultat moyen est 2 sur 12
Statistiques - réponses
Hint Réponse % Correct
Le bonheur est un état durable de ... plénitude et de satisfaction
85%
... qui signifie bon augure / chance
31%
les désirs naturels
27%
Il y a trois désirs chez l'épicurisme, les désirs nécessaires
19%
et les désirs vains
19%
le mot Bonheur vient du latin Bonum Augurium
8%
on peut donc se demander : ça ne dépend pas de nous ?
0%
Il est divisé en trois catégories de "choses" : choses bonnes, mauvaises et indifférentes
0%
L'hédonisme c'est : être heureux, satisfaire tout ses désirs
0%
L'épicurisme c'est : l'accumulation des plaisirs en utilisant sa raison pour déterminer "coût/avantages"
0%
Rousseau à dit : malheur à qui n'a plus rien à désirer
0%
Le stoïcisme selon Epictète c'est : travailler à modifier nos représentations (juger objectivement)
0%
Aucun quiz correspondant
Distribution des résultats
% des personnes avec chaque résultat
Percentile par nombre de réponses
Votre historique - résultats
Vous n’avez pas pris ce quiz